Responses for Show #1379 - Thursday, September 6, 1990

Game entered from audiorecording.
Missing prizes.

Contestants

[<< previous game]

Rick Cimerman, an economic analyst from Tallahassee, Florida

Sue Korosa, a teacher from Akron, Ohio

Dave Jeffery, a political consultant from Fairfax, Virginia (whose 2-day cash winnings total $29,701)

[next game >>]

Jeopardy! Round responses

THE OLD WEST
TENNIS
ODD JOBS
SCIENCE
KIDDIE LIT
FILE UNDER LETTER "I"
    $100 16
(Daniel B.) Wesson

Rick
    $100 1
a racket

Sue
    $100 11
the French Foreign Legion

Rick
    $100 5
microwave energy

Rick
    $100 26
a house

Sue
    $100 21
ignorance

Rick
    $200 17
(Rick: What is ponderosa?)
(Alex: Yes.)
(Rick: THE OLD WEST for...)
(Alex: No, sorry. Sorry, sorry.)

bonanza

SueRick
    $200 2
(Rick: What are serves?)

grips

Rick
Triple Stumper
    $200 12
(Dave: What is a samurai?)

a ninja

DaveRick
    $200 6
earthquakes

Dave
    $200 27
Darling

Rick
    $200 22
an infielder

Sue
    $300 18
Pat Garrett

Dave
    $300 3
the umpire

Dave
    $300 13
(Rick: Who is John Cameron Swayze?)

the (Shell) Answer Man

SueRick
    $300 8
the coconut

Triple Stumper
    $300 28
a mouse

Dave
    $300 23
(Rick: What is an indirect verb?)

intransitive verb

SueRick
    $400 19
barbed wire

Rick
    $400 4
Steffi Graf

Rick
    $400 14
(Sue: Who is the master of the hunt?)

the master of the hounds

Sue
Triple Stumper
    $400 9
the primer (detonator)

Dave
    $400 29
a cow

Dave
    $400 24
ides

Rick
    $500 20
the railroad

Dave
    $500 7
deuce

Rick
    $500 15
panning

Dave
    $500 10
cartilage

Rick
    $500 30
Rumpelstiltskin

Rick
    $1,200 25
Izvestia

Rick

Scores at the first commercial break (after clue 15):

Dave Sue Rick
$1,200 $0 $1,300

Scores at the end of the Jeopardy! Round:

Dave Sue Rick
$2,700 $800 $3,700

Double Jeopardy! Round responses

COMPOSERS
EUROPEAN CITIES
RULERS
POETRY
SHIPS
THE MOVIES
    $200 18
Beethoven

Rick
    $200 2
Warsaw

Rick
    $200 13
Ivan the Terrible

Rick
    $200 1
(Joyce) Kilmer

Rick
    $200 7
nuclear power

Sue
    $200 21
Amadeus

Rick
    $400 20
England

Dave
    $400 3
Dijon

Sue
    $400 14
Portugal

Rick
    $400 12
Dylan Thomas

Rick
    $400 8
the Bounty

Sue
    $400 24
Close Encounters of the Third Kind

Rick
    $600 22
(Gioachino) Rossini

Rick
    $600 4
Yugoslavia

Rick
    $600 15
Louis-Napoléon (Napoleon III)

Triple Stumper
    $600 29
the Pulitzer Prize

Sue
    $600 9
the Clermont

Sue
    $600 25
Hair

Rick
    $800 19
(Dave: Who is Strauss?)

Schubert

DaveSue
    $800 5
(Rick: What is Copenhagen?)

Elsinore

Rick
Triple Stumper
    $800 16
(Rick: Who is Margaret?)

Wilhelmina

SueRick
    $800 30
(William) Blake

Sue
    $800 10
(Rick: What is the Half Moon?)

the Golden Hind

SueRick
    $800 26
(Alex: [After the following clue selection] Less than a minute to go.)

Pauline Kael

Dave
    $3,000 23
Sibelius

Rick
    $1000 6
Norway

Dave
    $2,000 17
Spain

Sue
    $1000 28
haiku

Rick
    $1000 11
(Alex: Well done in the SHIPS category.)
[Applause for running the category]

the Lusitania

Sue
    $1000 27
Pete Kelly's Blues

Triple Stumper

Scores at the end of the Double Jeopardy! Round:

Dave Sue Rick
$4,100 $9,200 $9,300

[wagering suggestions for these scores]

Final Jeopardy! Round responses

ORGANIZATIONS
DaveWhat is the United Nations?
$100
SueWhat is the Red Cross?
$9,100
RickWhat is the United Nations?
$9,101
the United Nations

Final scores:

Dave Sue Rick
$4,200 $100 $18,401
2nd place 3rd place New champion: $18,401

Game dynamics:

Coryat scores:

Dave Sue Rick
$4,100 $8,200 $6,600
11 R,
2 W
17 R
(including 1 DD),
1 W
26 R
(including 2 DDs),
7 W

Combined Coryat: $18,900

[game clues] [game scores] [suggest correction]

Game tape date: 1990-07-30
The J! Archive is created by fans, for fans. Scraping, republication, monetization, and malicious use prohibited; this site may use cookies and collect identifying information. See terms. The Jeopardy! game show and all elements thereof, including but not limited to copyright and trademark thereto, are the property of Jeopardy Productions, Inc. and are protected under law. This website is not affiliated with, sponsored by, or operated by Jeopardy Productions, Inc. Join the discussion at JBoard.tv.